000 00319nam a2200133Ia 4500
008 240624s9999 xx 000 0 und d
041 _aeng
082 _a152.46 JIM
100 _aJIMENEZ LISA
245 _aCONQUER FEAR
260 _c2005
_aNew Delhi
_bMacmillan
300 _axx, : 145 : p. : cm. ; 23
365 _cRS
_b35
999 _c8005
_d8005